00514nam a22001697a 450000500170000001000150001702000260003203500140005803700130007208200100008510000230009524501000011826000390021827000440025730000210030150000220032220180717110541.0 aENG-123477 a9788176504607c200.00 aEN-107009 bDBAD/PUB a230.1 aShukla, Usha Devi  aRamcharitmanas in the diaspora : cby Usha Devi ShuklabTrinidad, Mauritius, and South Africa / aNew DelhibStar Publicationsc2011 a4/5B, Asaf Ali Road,bNew Delhie110002 a280p.c22cm.(Hb) aIt includes index